Statistical inference and simulation for spatial point processes

Αποθηκεύτηκε σε:
Λεπτομέρειες βιβλιογραφικής εγγραφής
Κύριος συγγραφέας: Moller, Jesper
Άλλοι συγγραφείς: Waagepetersen, Rasmus Plenge
Μορφή: Βιβλίο
Γλώσσα:English
Δημοσίευση: Chapman & Hall/CRC : Boca Raton, Fla., c2004
Σειρά:Monographs on statistics and applied probability ; ; 100
Θέματα:
Ετικέτες: Προσθήκη ετικέτας
Δεν υπάρχουν, Καταχωρήστε ετικέτα πρώτοι!

MARC

LEADER 00000nam a2200000 i 4500
001 1/63790
008 041025s2004 eng d
020 |a 1-58488-265-4 
035 |l 10074896 
040 |a GR-MY-UA  |b gre  |e aacr 
041 0 |a eng 
082 0 |a 519.23 
100 1 |a Moller, Jesper. 
245 1 0 |a Statistical inference and simulation for spatial point processes /  |c Jesper Moller, Rasmus Plenge Waagepetersen 
260 |a Chapman & Hall/CRC :   |b Boca Raton, Fla.,   |c c2004 
300 |a xiv, 300 σ.;  |c 24 εκ. 
490 1 |a Monographs on statistics and applied probability  |v ; 100 
504 |a Περιέχει βιβλιογραφικές αναφορές και ευρετήριο 
650 0 0 |a Point processes. 
650 0 0 |a Spatial analysis (Statistics) 
700 1 |a Waagepetersen, Rasmus Plenge. 
830 0 |a Monographs on statistics and applied probability ;  |v ; 100 
852 |a INST  |b LESVOS  |e 20080827  |h 519.23 MOL  |p 005100042961  |q 005100042961  |t BK  |y 0 
852 |a INST  |b SAMOS  |e 20041025  |h 519.23 MOL  |p 005300022990  |q 005300022990  |t BK  |y 0 
901 |a BIBL3-2004-3 
901 |a BIBL1-2008-2 
909 |a Σ  |b 107658 
909 |a Λ  |b 151066 
920 |a ΔΙΕΥΡΥΝΣΗ  |b ΕΠΕΑΕΚ-ΤΜΠΕΣ  |y ΣΑΜΟΣ  |z 2004-10 
922 |a 1ΕΛΗ  |b 200802  |c ΕΠΕΑΕΚ2/ΤΓ  |d ΕΛΕΥΘΕΡΟΥΔΑΚΗΣ 
970 |a ΠΟΥΡΝΑΡΑΣ  |b ΔΗΜΗΤΡΗΣ  |z 2004/10/25